000 00524nam a2200193Ia 4500
005 20250326125219.0
008 250326s9999 xx 000 0 und d
037 _aTextbook
040 _aFMSL
_beng
_cFMSL
041 _aeng
_2eng
084 _aX512 J9
_qFMSL
100 _aDuncan D J
_9270836
245 0 _aRetailing: principles and methods
_cDuncan D J; Phillips C F
250 _a5
260 _aUSA
_bUSA, Richard D Irwin
_c1959
300 _a793p
942 _cTB
_hX512 J9
999 _c1277038
_d1277038